10万人都市 - Statistics

General Stats
  • This quiz has been taken 158 times
  • The average score is 8 of 17
Answers on the Grid
Answers color-coded by a green-red scale on the quiz's grid according to % correct below.
小牧市
函館市
長岡市
刈谷市
立川市
可児市
市原市
新居浜市
尼崎市
久留米市
諫早市
鳥取市
佐世保市
出雲市
山形市
呉市
津山市
青森市
弘前市
大牟田市
近江八幡市
生駒市
佐賀市
石巻市
盛岡市
八尾市
桑名市
つくば市
奥州市
浦安市
小樽市
霧島市
 
Answer Stats
Answer % Correct
浦安市
57%
石巻市
54%
弘前市
53%
立川市
51%
鳥取市
51%
桑名市
51%
小樽市
50%
奥州市
49%
小牧市
47%
霧島市
47%
刈谷市
46%
新居浜市
46%
大牟田市
46%
生駒市
45%
諫早市
43%
出雲市
41%
呉市
34%
No matching quizzes found
Score Distribution
Percent of People with Each Score
Percentile by Number Answered
Your Score History
You have not taken this quiz